000 00404nam a22001817a 4500
003 MPLRDC
005 20220104181645.0
008 210129b ||||| |||| 00| 0 eng d
082 _a574.386 AMIR
100 _aKAMAL AMIR
245 _aUMNO PARTI HARAM
_c
250 _a初版
260 _a
_bNNA
_c
300 _b
490 _aKRISIS POLITIK MELAYU
650 _a
942 _cBK
_o574.386 AMIR
999 _c61563
_d61553